|
|
|
|
| LEADER |
00000nam0a2200000 4500 |
| 001 |
366912 |
| 005 |
20231102011929.0 |
| 035 |
|
|
|a (RuTPU)RU\TPU\retro\24275
|
| 090 |
|
|
|a 366912
|
| 100 |
|
|
|a 20220222d1979 m y0rusy50 ca
|
| 101 |
0 |
|
|a rus
|
| 102 |
|
|
|a RU
|
| 105 |
|
|
|a a z 001zy
|
| 200 |
1 |
|
|a Рассказы о картинах. Живопись
|f Алтайский краевой музей изобразительных и пркладных искусств ; сост. Т. М. Степанская
|
| 210 |
|
|
|a Барнаул
|c [Б. и.]
|d 1979
|
| 215 |
|
|
|a 128 с.
|c ил.
|
| 320 |
|
|
|a Библиогр.: с. 122-125
|
| 606 |
1 |
|
|a Искусство
|x Музеи. Постоянные выставки
|2 stltpush
|3 (RuTPU)RU\TPU\subj\73448
|9 86449
|
| 606 |
1 |
|
|a Живопись
|2 stltpush
|3 (RuTPU)RU\TPU\subj\73461
|9 86457
|
| 610 |
1 |
|
|a музейные коллекции
|
| 610 |
1 |
|
|a музейные собрания
|
| 610 |
1 |
|
|a музейные фонды
|
| 610 |
1 |
|
|a изобразительное искусство
|
| 610 |
1 |
|
|a декоративно-прикладное искусство
|
| 610 |
1 |
|
|a картины
|
| 610 |
1 |
|
|a портреты
|
| 610 |
1 |
|
|a живопись
|
| 675 |
|
|
|a 7(069)
|v 4
|
| 675 |
|
|
|a 75
|v 4
|
| 702 |
|
1 |
|a Степанская
|b Т. М.
|4 220
|
| 712 |
0 |
2 |
|a Алтайский краевой музей изобразительных и пркладных искусств
|2 stltpush
|3 (RuTPU)RU\TPU\col\27894
|
| 801 |
|
1 |
|a RU
|b 63413507
|c 20220222
|
| 942 |
|
|
|c BK
|